Statistics for U.S. General Knowledge #5

Click here to take the quiz!

General Stats

  • This quiz has been taken 19,821 times
    (12,477 since last reset)
  • The average score is 11 of 20

Answer Stats

QuestionAnswer% Correct
What former prison, located in San Francisco Bay, is called "The Rock"?Alcatraz
93%
What type of pizza is Chicago known for?Deep dish
88%
What building has a South Lawn, a West Wing, and a Rose Garden?The White House
88%
Who nips at your nose in the song "The Christmas Song" by Nat King Cole?Jack Frost
75%
What river connects New York City and Albany?Hudson River
74%
What state's capital city is Charleston?West Virginia
74%
What does the S stand for in NYSE?Stock
70%
What round comes after Double Jeopardy?Final Jeopardy
68%
What city was Mark Wahlberg born in?Boston
64%
What large lake can be found on the California-Nevada border?Lake Tahoe
63%
What type of fighting knife is named after a frontiersman who died at the
Battle of the Alamo?
Bowie Knife
54%
What Houston energy company went bankrupt in 2001 after massive fraud was revealed?Enron
50%
Who was Gerald Ford's first lady?{Betty} Ford
45%
What state symbol of Ohio is similar to a chestnut except that it is poisonous?Buckeye
42%
Since 2005, who is the Chief Justice of the United States?John Roberts
39%
The highest score is 850. The lowest is 300. What is it?a FICO Score
36%
What was the wrestling nickname of former Minnesota governor Jesse Ventura?The Body
28%
What politician with great hair served as John Kerry's running mate in 2004?John Edwards
23%
Complete the analogy. Fred is to "Wonder Years" as Ben is to ...Boy Meets World
20%
What composer's "Hoe-down" might you also remember from the
commercial "Beef, it's what's for dinner"?
Aaron Copland
14%

Score Distribution

Percentile by Number Answered

Percent of People with Each Score

Your Score History

You have not taken this quiz since the last reset